| 000 | 00996cam a22003133a 4500 | ||
|---|---|---|---|
| 001 | 16402893 | ||
| 003 | OSt | ||
| 005 | 20140310182232.0 | ||
| 008 | 900605s1990 nyu 000 1 eng d | ||
| 010 | _a 97814227 | ||
| 020 |
_a0671674889 (pbk.) : _c$2.95 |
||
| 035 | _a(OCoLC)ocm21696270 | ||
| 040 |
_aSVP _cSVP _dBGU _dOCL _dDLC |
||
| 050 | 0 | 0 |
_aPZ 7 _b.D621 1990 |
| 082 |
_aFIC D66r _bc2001. |
||
| 100 | 1 |
_aDixon, Franklin W. _94201 |
|
| 245 | 1 | 0 |
_aFright wave / _cFranklin W. Dixon. |
| 260 |
_aNew York : _bPocket Books, _cc1990. |
||
| 300 |
_a151 p. ; _c18 cm. |
||
| 490 | 1 |
_aThe Hardy Boys casefiles ; _vno. 40 |
|
| 500 | _a"An Archway paperback." | ||
| 650 | 0 |
_aHardy Boys (Fictitious characters) _vFiction. _918297 |
|
| 651 | 0 |
_aHawaii _vFiction. _918298 |
|
| 655 | 7 |
_aYoung adult fiction. _2lcsh _93735 |
|
| 710 | 2 |
_aCopyright Paperback Collection (Library of Congress) _5DLC _9705 |
|
| 906 |
_a7 _bcbc _ccopycat _d2 _encip _f19 _gy-genrareb |
||
| 942 |
_2lcc _cBK-FIC |
||
| 999 |
_c10935 _d10935 |
||